Important People of the 17th century - Statistics

General Stats
  • This quiz has been taken 78 times
  • The average score is 6 of 38
Answer Stats
Hint Answer % Correct
Italy (Scientist) Galileo Galilei
67%
Netherlands (Artist) Rembrandt van Rijn
65%
UK (King) Charles I
62%
France (King) Louis XIV
62%
France (Scientist) Rene Descartes
35%
Italy (Pope) Urban VIII
33%
Portugal (King) John IV
29%
UK (Philosopher) Thomas Hobbes
27%
Netherlands (Explorer) Abel Tasman
25%
France (Scientist) Blaise Pascal
19%
Germany (Emperor) Ferdinand II
19%
France (Statesman) Cardinal Richelieu
17%
Hungary (Countess) Elizabeth Bathory
13%
Sweden (King) Gustav Adolph II
13%
Russia (Tsar) Michael I
13%
Poland (King) Jan III Sobieski
11%
Turkey (Sultan) Mehmed IV
10%
Germany (General) Albrecht von Wallenstein
6%
UK (Privateer) Henry Morgan
6%
Japan (Poet) Matsuo Basho
6%
USA (Chief) Pope
6%
Japan (Shogun) Tokugawa Ieyasu
6%
UK (Colonialist) William Penn
5%
Ukraine (Hetman) Zynoviy Bohdan Khmelnytsky
5%
India (Mughal) Aurangzeb
3%
Angola (Queen) Nzinga Mbande
2%
India (Chhatrapati) Shivaji Bhonsale I
2%
Angola (Mwenekongo) Garcia II
0%
Germany (Scientist) Gottfried Wilhelm Leibniz
0%
India (Guru) Guru Tegh Bahadur
0%
Indonesia (Sultan) Iskandar Muda
0%
India (Mughal) Jahangir
0%
Peru (Priest) Martin de Porres
0%
Thailand (King) Phetracha
0%
Turkey (Rabbi) Sabbatai Zevi
0%
China (Emperor) Shunzhi
0%
India (Poet) Tukaram
0%
Russia (Explorer) Yerofey Khabarov
0%
No matching quizzes found
Score Distribution
Percent of People with Each Score
Percentile by Number Answered
Your Score History
You have not taken this quiz